| 000 | 00448nam a2200145Ia 4500 | ||
|---|---|---|---|
| 008 | 210210b1987 xxu||||| |||| 00| 0 eng d | ||
| 020 | _a81 207 0668 4 | ||
| 082 | _a954.035 KHII | ||
| 100 | _aKHILNANI (Niranjan M). | ||
| 245 | _aIndia's road to independence 1857-1947. (Panorama of India's struggle for freedom). | ||
| 260 |
_aNew Delhi. _bSterling Publishers Pvt Ltd., _c1987 |
||
| 300 | _aviii,150 | ||
| 690 | _aIndian History | ||
| 906 | _a040159 | ||
| 999 |
_c89986 _d89986 |
||